Statystyki dla Odpowiedź Zaczyna się na "Ł"

Kliknij tutaj aby rozwiązać quiz!

Ogólne statystyki

  • Ten quiz został rozwiązany 3,281 razy
    (2,460 od ostatniego zresetowania)
  • Średni wynik to 17 z 25

Statystyki odpowiedzi

Pytanie Odpowiedź % Correct
Stolicą którego kraju jest Ryga?Łotwa
100%
Jakim terminem określa się "nogę" zwierzęcia takiego jak pies czy kot?Łapa
96%
Jaką nazwę nosi województwo znajdujące się pomiędzy województwem wielkopolskim a województwem świętokrzyskim?Łódzkie
96%
Jakim terminem określa się pieniądze lub prezent dane w celu przekupienia kogoś?Łapówka
93%
Jak ma na imię polski piłkarz Piszczek?Łukasz
93%
Jaki pseudonim nosił król z dynastii Piastów, który zakończył okres tzw. "rozbicia dzielnicowego"?Łokietek
92%
Jakim językiem posługiwali się mieszkańcy starożytnego Rzymu?Łacina
89%
Jakim potocznym terminem określa się stare, zniszczone ubranie?Łach
88%
Jaką nazwę nosi część naboju, która pozostaje po wystrzeleniu pocisku?Łuska
87%
Jaką nazwę nosi podłużna, stosunkowo cienka część rośliny, z której wyrastają liście?Łodyga
87%
Jaką nazwę nosi sport olimpijski, w którym używa się broni składającej się z ramienia, rękojeści i cięciwy?Łucznictwo
86%
Jaką nazwą określa się samicę jelenia lub daniela?Łania
84%
Jaką nazwę nosi marka samochodów produkowanych przez rosyjską fabrykę AwtoWAZ?Łada
68%
Jak określa się odblask pożaru lub silnego światła widoczny na horyzoncie?Łuna
64%
Na jakiej górze w Polsce według legend odbywa się sabat czarownic?Łysa Góra
58%
Jaką nazwę nosi polski zespół mający "na koncie" takie przeboje jak Agnieszka Już Dawno Tutaj Nie Mieszka?Łzy
56%
Jaką nazwę nosi najwyższy szczyt Gór Świętokrzyskich?Łysica
53%
Jaką nazwę nosi kluska z cienko rozwałkowanego ciasta, mająca kształt kwadracika?Łazanka
52%
Przedstawicielem, którego gatunku zwierząt był przyjaciel Pawiana z serii kreskówek z kanału Cartoon Network?Łasica
51%
Jaką nazwę nosi miejscowość słynąca z "wycinanek"?Łowicz
43%
Jakim terminem określa się nadmierne wydzielanie łoju na skórze?Łojotok
43%
Jaką nazwę nosi jednośladowa wrotka, w której kółka umieszczone są jedno za drugimŁyżworolka
41%
Jak określa się pracownika, który pracuje w czasie trwania strajku?Łamistrajk
25%
Jak ma na nazwisko obecny rosyjski Minister do Spraw Zagranicznych?Ławrow
23%
Jaką nazwę nosiła w dawnej Polsce forma podatku gruntowego, zwanego do XIV wieku poradlnym?Łanowe
12%

Rozkład punktacji

Percentyl według liczby udzielonych odpowiedzi

Procent ludzi z każdym wynikiem

Twoja historia wyników

Nie rozwiązałeś tego quizu od ostatniego zresetowania